000 01223cam a2200277 4500
008 090401t1996 xxu||||| |||| 00| 0 eng d
020 _a0419180001
035 _a(Sirsi) u17686
041 _aeng
050 _a333.76
_c18
100 _aCherry, Gordon E.
245 _aRural change and planning
_bEngland and Wales in the twentieth century
260 _aLondon
_bE and F. N. Spon
_c1996
300 _axiii, 29p.
_c24cm.
490 _aSpon Studies in History Planning and the Environment
_v19
520 _aProvides a critical overview of rural change over the 80 years since the Great War, making clear the origins of present-day policy. Also provides a structural integration for the man diverse themes which must be interwoven in order to understand current conditions. Aimed at both the planner who is too often ignorant of the historical development of the agricultural economy and the conservation expert who knows little of the tradition of rural community development.
650 _aHISTORY
650 _aRURAL AREAS
650 _aRURAL CHANGE
650 _aRURAL COMMUNITIES
650 _aRURAL ECONOMY
690 _aRURAL PRACTICE
700 _aRogers, Alan
942 _n0
948 _c04/03/1997
999 _c87537
_d87537